<?xml version='1.0' encoding='UTF-8'?>
  <record xmlns="http://www.loc.gov/MARC21/slim">
    <leader>00000cam a2200000 i 4500</leader>
    <controlfield tag="001">ocn150457207</controlfield>
    <controlfield tag="003">OCoLC</controlfield>
    <controlfield tag="005">20250617195723.5</controlfield>
    <controlfield tag="008">070225s1494    it            000 0 lat d</controlfield>
    <datafield tag="040" ind1=" " ind2=" ">
      <subfield code="a">NLGGC</subfield>
      <subfield code="b">dut</subfield>
      <subfield code="e">fobidrtb</subfield>
      <subfield code="c">NLGGC</subfield>
      <subfield code="d">QGJ</subfield>
      <subfield code="d">OCLCL</subfield>
      <subfield code="d">OCLCQ</subfield>
    </datafield>
    <datafield tag="029" ind1="0" ind2=" ">
      <subfield code="a">NLGGC</subfield>
      <subfield code="b">300353553</subfield>
    </datafield>
    <datafield tag="035" ind1=" " ind2=" ">
      <subfield code="a">(OCoLC)150457207</subfield>
    </datafield>
    <datafield tag="100" ind1="1" ind2=" ">
      <subfield code="a">Ferrarius de Gradibus, Johannes Matthaeus.</subfield>
    </datafield>
    <datafield tag="245" ind1="1" ind2="0">
      <subfield code="a">Expositiones super tractatum De urinis et tertii Canonis Avicenna fen 22 /</subfield>
      <subfield code="c">Johannes Matthaeus Ferrarius de Gradibus.</subfield>
    </datafield>
    <datafield tag="260" ind1=" " ind2=" ">
      <subfield code="a">[Mediolani] :</subfield>
      <subfield code="b">[per Jacobum de Sancto Nazario de la Ripa],</subfield>
      <subfield code="c">[1494]</subfield>
    </datafield>
    <datafield tag="300" ind1=" " ind2=" ">
      <subfield code="a">2 dl. (1 bd.) ;</subfield>
      <subfield code="c">30 cm.</subfield>
    </datafield>
    <datafield tag="336" ind1=" " ind2=" ">
      <subfield code="a">tekst</subfield>
      <subfield code="b">txt</subfield>
      <subfield code="2">rdacontent/dut</subfield>
    </datafield>
    <datafield tag="337" ind1=" " ind2=" ">
      <subfield code="a">zonder medium</subfield>
      <subfield code="b">n</subfield>
      <subfield code="2">rdamedia/dut</subfield>
    </datafield>
    <datafield tag="338" ind1=" " ind2=" ">
      <subfield code="a">band</subfield>
      <subfield code="b">nc</subfield>
      <subfield code="2">rdacarrier/dut</subfield>
    </datafield>
    <datafield tag="500" ind1=" " ind2=" ">
      <subfield code="a">Gegevens impressum ontleend aan colofon.</subfield>
    </datafield>
    <datafield tag="500" ind1=" " ind2=" ">
      <subfield code="a">Incipit dl. 1: Incipiunt magistri Joannis Mathei ex Ferrariis de Gradi Expositiones super tractatum de urinis &amp; vigessimamsecundam fen tercii canonis domini Avicenne: super quam nullus ante ipsum scripsit.</subfield>
    </datafield>
    <datafield tag="500" ind1=" " ind2=" ">
      <subfield code="a">Incipit dl. 2: Expositiones preclarissimi &amp; subtilissimi Magistri Jo. Mathei ex Ferrariis de Gradi. super vigessimamsecundam Fen. tertii canonis dominum Avicennam ad illustrissimum ducem Mediolani Franciscum Sfortiam vicecomitem. feliciter incipiunt.</subfield>
    </datafield>
    <datafield tag="500" ind1=" " ind2=" ">
      <subfield code="a">Colofon: Impressum Mediolani per Jacobum de Sancto Nazario de 'Rippa anno Domini .1494. die.26.mensis Julii. (Dl. 2: Expliciunt expositiones Magistri Johannis Mathei Agradi Super vigessimamsecundam Fen tertii canonis. d. Avicene. Impressum Mediolani summo studio &amp; diligentia per Jacobum de sancto Nazario de la Ripa anno .1494.die.17.Novembris.)</subfield>
    </datafield>
    <datafield tag="500" ind1=" " ind2=" ">
      <subfield code="a">Collatieformule: Dl. 1: a:8, b-r:6. Dl. 2: a:8, b-e:6, f:8.</subfield>
    </datafield>
    <datafield tag="510" ind1="0" ind2=" ">
      <subfield code="a">IDL 1796</subfield>
    </datafield>
    <datafield tag="600" ind1="1" ind2="4">
      <subfield code="a">Ibn Sīnā, Abū ʻAlī al-Ḥusain b. ʻAbdallāh.</subfield>
    </datafield>
    <datafield tag="758" ind1=" " ind2=" ">
      <subfield code="a">Expositiones super tractatum De urinis et tertii Canonis Avicenna fen 22 (Text)</subfield>
      <subfield code="1">https://id.oclc.org/worldcat/entity/E39PCYFjj3vHJ89cTMqDwMXtyq</subfield>
      <subfield code="4">https://id.oclc.org/worldcat/ontology/hasWork</subfield>
    </datafield>
    <datafield tag="936" ind1=" " ind2=" ">
      <subfield code="a">BATCHLOAD</subfield>
    </datafield>
  </record>